Регионална библиотека "Любен Каравелов" - Русе

Аптеката на Господ (Запис номер 20799)

MARC детайли
000 -Лидер
Контролно поле с фиксирана дължина 01678nam a2200397 c 4500
003 - Код на организацията, давaща контролен номер
Контролно поле BLK
005 - Дата и час на последна редакция
Контролно поле 20210726174923.0
008 - Елементи от данни с фиксирана дължина
fixed length control field 180413b bul|||||r ||||||| ||bul||
010 ## - Наследен системен номер
LC control number KNG00023041000
040 ## - Източник на каталожния запис
Идентификатор на билиотеката - собственик на записа BLK
041 ## - Код за език
Код за езика на текст/звукозапис или на отделно заглавие Български
Код за езика КДБФ Български
072 #7 - Код за тематичната категория
Код организация bullib
Код за тематична категория Н50
Текст Естествени науки. Математика и др. Н
080 ## - УДК
Текстов определител УДК Приложна ботаника. Икономическа ботаника. Диворастящи лекарствени растения и др.
УДК код - определител по УДК 581.6
УДК определител (02.062)
УДК - код + определител 581.6(02.062)
080 ## - УДК
Текстов определител УДК Лекарствени средства от растителен произход. Подразделя се със знак за отношение :582; :633/635; :665.3
УДК код - определител по УДК 615.322
УДК определител (02.062)
УДК - код + определител 615.322(02.062)
139 ## - Редно поле
Редна дума Аптеката на Господ
Авторски знак Апр - А 79
245 10 - Сведения за заглавието
Заглавие Аптеката на Господ
Подзаглавни данни Билките
Редно поле (дума) състав. Лора Симеонова.
257 ## - Страна на издаване
Страна на създаване/издаване България
260 ## - Област на издателските данни
-- София
Име на издателя, разпространителя и проч. в. Стандарт
Година на издаване 2010
300 ## - Физическа характеристика
Страници 64 с.
Илюстрации и др. с ил.
Размери/Мащаб 19 см
380 ## - Жанр
Жанр Естествени науки. Математика
490 1# - СЕРИИ (Колекции)
Име на серия Големите тайни
№: серия 7
490 1# - СЕРИИ (Колекции)
-- Подсерия
Име на серия Билките
500 ## - Общи забележки
Забележка ISSN 0862-797X.
650 #4 - Допълнително описание по предмет – тема
Основно описание – тема или топоним Медицински растения
9 (RLIN) 245724
650 #4 - Допълнително описание по предмет – тема
Основно описание – тема или топоним Билкарство
9 (RLIN) 148642
653 ## - Ключова дума – ненормативна
Ключова дума лекарствени растения
653 ## - Ключова дума – ненормативна
Ключова дума билки
653 ## - Ключова дума – ненормативна
Ключова дума медицински растения
659 ## - Тематичен бюлетин
Тематичен бюлетин Н
700 1# - Други автори (авторска отговорност)
Лично име Симеонова, Лора
Автороска отговорност (Описва отношението между автора и произведението) състав.
9 (RLIN) 265130
852 ## - Местоположение
Форматна сигнатура Цб 251392
856 4# - Електронен адрес и достъп
Електронен формат pdf - файл
Път до файла /url/
856 4# - Електронен адрес и достъп
Електронен формат pdf - файл
Път до файла /url/
942 ## - АРТИКУЛИ
Вид на библиотечния материал Книги
Скрит в OPAC Не
Koha issues (borrowed), all copies 2
944 ## - СЪЗДАВАНЕ И РЕДАКЦИЯ на ЗАПИСА
Създаване/Редакция Създаване
Дата на регистрацията/редакция 29.03.2011
Статус, дата на статуса ф /
Служител, извършил регистрацията/редакцията Геновева_Генчева
944 ## - СЪЗДАВАНЕ И РЕДАКЦИЯ на ЗАПИСА
Създаване/Редакция Редакция
Дата на регистрацията/редакция 06.03.2012
Статус, дата на статуса ф /
Служител, извършил регистрацията/редакцията
999 ## - СИСТЕМНИ КОНТРОЛНИ НОМЕРА
Koha biblionumber 20799
Koha biblioitemnumber 20799
Наличности
Код за отписване Код за изгубен артикул Код за повреда Коз за рестрикции Код за отдаване Артикулен № Име на библиотеката - собственик Име на библиотеката, в която се намира в момента Статус (Текущо местоположение) Дата на вписване в системата Местоположение - отдел Цена в лева Инвентарен номер Систематично азбучна сигнатура Баркод Номер на екземпляра Цена в евро Служебна бележка Служебен тип на артикула
  Не е изгубен Не е повреден без рестрикции заемане за дома 34440 Регионална библиотека "Любен Каравелов" Русе Регионална библиотека "Любен Каравелов" Русе Заемна - подръчен фонд 2011-03-29 Заемна - подръчен фонд 3.00 120000750102 П 581/А 79 120000750102 1 1.53 Дост: DA Вид: А N: 4 Дата: 29.03.2011 Дата инв: 02.02.2018 Бележки инв: П2018 Книги
  Не е изгубен Не е повреден без рестрикции ползва се в читалня 34441 Регионална библиотека "Любен Каравелов" Русе Регионална библиотека "Любен Каравелов" Русе Хранилище 2011-10-05 Хранилище 3.00 120000753381 Цб 251392 120000753381 2 1.53 Дост: Dp Вид: Д N: 10 Дата: 07.03.2011 Книги
Vip Innovations Ltd, Rousse, Bulgaria 2025